| 000 | 00446 a2200169 4500 | ||
|---|---|---|---|
| 020 | _a9788183333573 | ||
| 082 | _a005.133 | ||
| 090 |
_c7025 _d7025 |
||
| 100 | _aKanetkar, Yashavant P. | ||
| 245 |
_aLet us C++ solutions _cYashavant P. Kanetkar |
||
| 250 | _a2nd ed. | ||
| 260 |
_aNew Delhi _bBPB Publication _c2010 |
||
| 300 | _a221 p. | ||
| 650 | _aC++--Computer program language | ||
| 700 | _aYashavant P. Kanetkar | ||
| 942 |
_cBK _k005.133 KAN |
||
| 999 |
_c10834 _d10834 |
||